MARC

LEADER 00000nam0a2200000 4500
001 364667
005 20231102011718.0
035 |a (RuTPU)RU\TPU\retro\22025 
090 |a 364667 
100 |a 20211124d1981 m y0rusy50 ca 
101 0 |a rus 
102 |a RU 
105 |a a z 001zy 
200 1 |a Занимательные электронные устройства  |f А. И. Вдовикин 
210 |a Москва  |c Радио и связь  |d 1981 
215 |a 80 с.  |c ил. 
225 1 |a Массовая радиобиблиотека  |v Вып. 1029 
320 |a Библиогр.: с. 80 
606 1 |a Электронные устройства  |2 stltpush  |3 (RuTPU)RU\TPU\subj\20534  |9 45633 
610 1 |a техника безопасности 
610 1 |a занимательная электроника 
610 1 |a сувениры 
610 1 |a игрушки 
610 1 |a игры 
610 1 |a домашние помощники 
610 1 |a электронные самодельные изделия 
675 |a 621.38  |v 4 
700 1 |a Вдовикин  |b А. И.  |g Алексей Иванович 
801 1 |a RU  |b 63413507  |c 20211124 
942 |c BK